Elements of public health engineering (Record no. 12152)

000 -LEADER
fixed length control field 00458nam a22001817a 4500
001 - CONTROL NUMBER
control field 12152
003 - CONTROL NUMBER IDENTIFIER
control field BD-DhUET
008 - FIXED-LENGTH DATA ELEMENTS--GENERAL INFORMATION
fixed length control field 150224b xxu||||| |||| 00| 0 eng d
040 ## - CATALOGING SOURCE
Original cataloging agency DLC
Transcribing agency DLC
Modifying agency BD-DhUET
082 ## - DEWEY DECIMAL CLASSIFICATION NUMBER
Classification number 628
Item number DUG/1984
100 ## - MAIN ENTRY--PERSONAL NAME
Personal name Duggal, K. N.
245 ## - TITLE STATEMENT
Title Elements of public health engineering
250 ## - EDITION STATEMENT
Edition statement 3rd ed.
260 ## - PUBLICATION, DISTRIBUTION, ETC. (IMPRINT)
Place of publication, distribution, etc. New Delhi
Name of publisher, distributor, etc. S. Chand
Date of publication, distribution, etc. 1984
300 ## - PHYSICAL DESCRIPTION
Extent 412p.
Other physical details illus.
650 #0 - SUBJECT ADDED ENTRY--TOPICAL TERM
Topical term or geographic name as entry element Public health engineering
942 ## - ADDED ENTRY ELEMENTS (KOHA)
Koha item type General Book
Holdings
Damaged status Price effective from Copy number Piece designation (barcode) Withdrawn status Date acquired Koha normalized classification for sorting Koha full call number Location (home branch) Koha date last seen Koha item type Source of classification or shelving scheme Sublocation or collection (holding branch) Shelving location Lost status Not for loan
 2015-02-24183032 2015-02-24624_000000000000000_DUG_1991624/DUG/1991Central Library, BUET2015-02-24General Book Central Library, BUETCirculation section  
 2015-02-24258138 2015-02-24624_000000000000000_DUG_1991624/DUG/1991Central Library, BUET2015-02-24General Book Central Library, BUETCirculation section  
 2015-06-30358134 2015-06-30628_000000000000000_DUG_1984628/DUG/1984Central Library, BUET2015-06-30Reading Item Central Library, BUETReading section